10 Smallest Countries - Statistics

General Stats
  • This quiz has been taken 8 times
  • The average score is 5 of 10
Answers on the Map
Answers color-coded by a green-red scale on the quiz's map according to % correct below.
 
Answer Stats
Answer % Correct
San Marino
71%
Vatican City
71%
Dominica
57%
Liechtenstein
57%
Marshall Islands
57%
Palau
57%
Nauru
43%
Tuvalu
43%
St Kitts and Nevis
29%
Monaco
14%
No matching quizzes found
Score Distribution
Percent of People with Each Score
Percentile by Number Answered
Your Score History
You have not taken this quiz